000 00653cam a22002053a 4500
001 44724
003 PGUSA
005 20140828084024.0
008 140121s2014||||xxu|||||s|||||000 | eng d
040 _aPGUSA
_beng
042 _adc
100 1 _aOtis, James,
_d1848-1912
245 1 4 _aThe Boy Spies of Philadelphia :
_bThe Story of How the Young Spies Helped the Continental Army at Valley Forge
_h[electronic resource] /
_cJames Otis
260 _bProject Gutenberg,
_c2014
506 _aPublic domain in the USA.
516 _aElectronic text
830 0 _aProject Gutenberg
_v44724
856 4 0 _uhttp://www.gutenberg.org/ebooks/44724
942 _cEB
999 _c273975
_d273975